Infectious Diseases and Nanomedicine II First International Conference (ICIDN - 2012), Dec. 15-18, 2012, Kathmandu, Nepal

Uloženo v:
Podrobná bibliografie
Médium: Kniha
Jazyk:slovenština
Vydáno: : Springer, 2014
Témata:
ISBN:9788132217749
On-line přístup: Získat plný text
Tagy: Přidat tag
Žádné tagy, Buďte první, kdo vytvoří štítek k tomuto záznamu!

MARC

LEADER 00000nam a2200000 4500
003 SK-BrCVT
005 20220618102638.0
006 m####e######000#0#
007 ta
008 170306s###############e######000#0#slo#d
020 |a 9788132217749 
035 |a CVTIDW03349 
040 |a CVTISR  |b slo  |e AACR2 
080 |a 616.91 
245 1 |a Infectious Diseases and Nanomedicine II  |b First International Conference (ICIDN - 2012), Dec. 15-18, 2012, Kathmandu, Nepal  |c Editors: Rameshwar Adhikari, Santosh Thapa  |h [elektronický zdroj] 
260 |a  :  |b Springer,  |c 2014 
653 1 |a medicinal chemistry  |a nanochemistry  |a infectious diseases 
856 4 |u http://ezproxy.cvtisr.sk/login.php?url=http://ezproxy.cvtisr.sk:2271/book/10.1007/978-81-322-1774-9 
910 |b ZE01648 
919 |a 978-81-322-1774-9 
974 |a gabriela.miklankova  |f Elektronické zdroje 
999 |c 241831  |d 241831